| 000 | 00375nam a2200145Ia 4500 | ||
|---|---|---|---|
| 008 | 151213s9999 xx 000 0 und d | ||
| 100 | _aOscar Wilde | ||
| 245 |
_aThe Picture of Dorian Gray. _cOscar Wilde |
||
| 260 |
_aLondon _bPenguing _c1962 |
||
| 300 | _a8492 p. | ||
| 650 | _aEnglish Literature | ||
| 650 | _aEnglish Literature | ||
| 700 | _aOscar Wilde | ||
| 999 |
_c4329 _d4329 |
||